Miroslav Páral : [keramika] 1978-1984 : katalog výstavy, Jindřichův Hradec srpen 1985, Volyně září 1985 /

Hlavní autor: Páral, Miroslav, 1955-2022
Další autoři: Střítecký, J., Lavičková, Eva, 1954-2001
Jazyk: Čeština
Vydáno: Jindřichův Hradec : Volyně : Okresní muzeum ;Okresní muzeum, 1985
Témata:
Fyzický popis: [16] s. : il. ; 29 cm
Knihy
Uloženo v:
LEADER 01536nam a22003852a 4500
001 001707815
003 CZ BrMZK
005 20191014104741.0
007 ta
008 190919s1985 xr a er|||||||||||cze d
015 |a cnb000013442 
020 |q (Brož.) 
035 |a (OCoLC)39409278 
040 |a ABA001  |b cze  |d ABA001  |d BOA001 
072 7 |a 73  |x Sochařství, keramika, porcelán, umělecké zpracování kovů  |2 Konspekt  |9 21 
080 |a 738  |2 MRF 
080 |a (083.824)  |2 MRF 
080 |a (437.319)  |2 MRF 
100 1 |a Páral, Miroslav,  |d 1955-2022  |7 jo20000082750  |4 art 
245 1 0 |a Miroslav Páral :  |b [keramika] 1978-1984 : katalog výstavy, Jindřichův Hradec srpen 1985, Volyně září 1985 /  |c úvodní texty M. Páral, J. Střítecký ; fot. E. Lavičková ... [et al.] ; grafická úprava Z. Skořepová 
260 |a Jindřichův Hradec :  |b Okresní muzeum ;  |a Volyně :  |b Okresní muzeum,  |c 1985 
300 |a [16] s. :  |b il. ;  |c 29 cm 
500 |a Životopisné údaje a soupis výstav 
500 |a 1000 výt. 
504 |a Obsahuje bibliografie 
650 0 7 |a keramika  |7 ph121575  |2 czenas 
651 7 |a Jindřichův Hradec (Česko)  |7 ge129479  |2 czenas 
651 7 |a Volyně (Česko)  |7 ge131325  |2 czenas 
655 7 |a katalogy výstav  |7 fd132536  |2 czenas 
700 1 |a Střítecký, J.  |4 wfw 
700 1 |a Lavičková, Eva,  |d 1954-2001  |7 xx0007521  |4 pht 
910 |a BOA001  |b X2-0897.654 
990 |a BK 
991 |b 201909 
996 6 |b 2618825792  |c X2-0897.654  |l MZK  |r Sklad / do 24 hodin  |n 0  |w 001755797  |u 000010  |a 1  |e BOA001  |j MZK50  |s P